LIBRARY & INFORMATION CENTRE, KCAET, TAVANUR

ONLINE PUBLIC ACCESS CATALOGUE (OPAC)

Normal view MARC view
  • AMRETHA KRISHNAN A.K

Entry Personal Name

Number of records used in: 1

001 - CONTROL NUMBER

  • control field: 3847

003 - CONTROL NUMBER IDENTIFIER

  • control field: OSt

005 - DATE AND TIME OF LATEST TRANSACTION

  • control field: 20181102143449.0

008 - FIXED-LENGTH DATA ELEMENTS

  • fixed length control field: 181102|| aca||aabn | a|a d

040 ## - CATALOGING SOURCE

  • Original cataloging agency: OSt
  • Transcribing agency: OSt

100 ## - HEADING--PERSONAL NAME

  • Personal name: AMRETHA KRISHNAN A.K

670 ## - SOURCE DATA FOUND

  • Source citation: Work cat.: (OSt)14961: AMRETHA KRISHNAN A.K MANSHOOBA P.M SA-ADA ABDURAHIMAN SAROOP C.L, Development and testing of a power operated coconut oil expeller
free website counter